Yam's : combinaisons (mort subite) - Statistiques

Statistiques générales
  • Ce quiz a été pris 82 fois
  • Le résultat moyen est 11 sur 13
Answers on the Grid
Answers color-coded by a green-red scale on the quiz's grid according to % correct below.
Brelan
Grande suite
Full
2
Yam's
Carré
Chance
As
Malchance
Petite suite
3
4
5
6
Cueillir des cerises
Branle
Moyenne suite
 
Statistiques - réponses
Réponse % Correct
Brelan
98%
Carré
95%
Grande suite
95%
Full
94%
Yam's
94%
Petite suite
92%
4
85%
3
83%
2
82%
5
82%
6
80%
Chance
71%
As
70%
Aucun quiz correspondant
Distribution des résultats
% des personnes avec chaque résultat
Percentile par nombre de réponses
Votre historique - résultats
Vous n’avez pas pris ce quiz